000 00772nam a2200289Ia 4500
005 20260324130628.0
008 008 260324s9999 xx 000 0 eng d
020 _a9781315631783
037 _aEBOOK
040 _aCRL
040 _beng
040 _cCRL
041 _2eng
041 _aeng
084 _qCRL
100 _aChristopher Bjork; Heidi A. Ross; D. Kay Johnston
_91182493
245 0 _aTaking Teaching Seriously
245 0 _bHow Liberal Arts Colleges Prepare Teachers to Meet Today's Educational Challenges in Schools
260 _bTaylor and Francis
260 _c2007
365 _a
365 _b170
856 _uhttp://www.taylorfrancis.com/books/9781315631783
942 _cEBOOK
999 _c1778830
_d1778830